000 00311nam a2200133Ia 4500
008 260604s9999 xx 000 0 und d
020 _a9781529768640
082 _a302.23 KOZ
100 _aKOZINETS
_935400
245 0 _aINFLUENCERS AND CREATORS
260 _bSAGE
500 _aBusiness , Culture
942 _cBK
999 _c8213
_d8213